Normal view
MARC view
- Knitting -- Patterns. Interior decoration. Knitting
Entry Topical Term
001 - CONTROL NUMBER
- control field: 89429
003 - CONTROL NUMBER IDENTIFIER
- control field: NUST
005 - DATE AND TIME OF LATEST TRANSACTION
- control field: 20220223122311.0
008 - FIXED-LENGTH DATA ELEMENTS
- fixed length control field: 220223|| aca||aabn | a|a d
040 ## - CATALOGING SOURCE
- Original cataloging agency: NUST
- Transcribing agency: NUST
150 ## - HEADING--TOPICAL TERM
- Topical term or geographic name entry element: Knitting -- Patterns. Interior decoration. Knitting
670 ## - SOURCE DATA FOUND
- Source citation: Work cat.: (NUST)588097: Cross, Ruth 89324, The Knitted Home:, 2013.
